Statistics for Birds of Prey Quiz (SPOILERS)

Click here to take the quiz!

General Stats

  • This quiz has been taken 8 times
  • The average score is 4 of 8

Answer Stats

ActorRole% Correct
Margot RobbieHarley Quinn
100%
Mary Elizabeth WinsteadHelena Bertinelli/Huntress
67%
Ewan McGregorRoman Sionis/Black Mask
50%
Jurnee SmollettDinah Lance/Black Canary
33%
Rosie PerezRenee Montoya
33%
Chris MessinaVictor Zsasz
33%
Ella Jay BascoCassandra Cain
17%
Dana LeeDoc
17%

Score Distribution

Percentile by Number Answered

Percent of People with Each Score

Your Score History

You have not taken this quiz